[Event "Cappelle op 21st"]
[Site "Cappelle la Grande"]
[Date "2005.02.18"]
[Round "8"]
[White "Yemelin, Vasily"]
[Black "Buehler, Robert"]
[Result "1-0"]
[WhiteElo "2555"]
[BlackElo "2242"]
[PlyCount "79"]
[EventDate "2005.02.12"]
[EventType "swiss"]
[EventRounds "9"]
[EventCountry "FRA"]
[SourceTitle "EXT 2006"]
[Source "ChessBase"]
[SourceDate "2005.11.24"]
[SourceVersion "1"]
[SourceVersionDate "2005.11.24"]
[SourceQuality "1"]

1. e4 d6 2. d4 Nf6 3. Nc3 g6 4. f4 Bg7 5. Nf3 Bg4 6. Be3 c6 7. h3 Bxf3 8. Qxf3 d5 9. e5 Nfd7 10. f5 Qa5 11. Bd3 Nxe5 12. dxe5 Bxe5 13. 0-0 Bf6 14. Qf2 Nd7 15. Rab1 g5 16. b4 Qc7 17. Na4 b6 18. b5 Ne5 19. bxc6 Nxc6 20. Bb5 0-0 21. Qd2 h6 22. Nc3 d4 23. Nd5 Qe5 24. Nxf6+ exf6 25. Bf2 Rac8 26. Bxc6 Rxc6 27. Bxd4 Qd5 28. c3 Rd8 29. Qe2 Rdc8 30. Rbd1 Qa5 31. Qe7 Kg7 32. a3 Qb5 33. Qxa7 R8c7 34. Qb8 h5 35. Bxf6+ Rxf6 36. Qxc7 Rc6 37. Qg3 f6 38. Rd7+ Kh6 39. Qb8 g4 40. Qh8+ 1-0

[Event "Augsburg Afro op"]
[Site "Augsburg"]
[Date "1997.??.??"]
[Round "1"]
[White "Buehler, Robert"]
[Black "Gulde, Josef"]
[Result "0-1"]
[WhiteElo "2450"]
[BlackElo "1860"]
[PlyCount "146"]
[EventDate "1997.??.??"]
[EventType "swiss"]
[EventRounds "7"]
[EventCountry "GER"]
[SourceTitle "EXT 2006"]
[Source "ChessBase"]
[SourceDate "2005.11.24"]
[SourceVersion "1"]
[SourceVersionDate "2005.11.24"]
[SourceQuality "1"]

1. e4 c5 2. Nf3 d6 3. b4 b6 4. bxc5 bxc5 5. Nc3 a6 6. Rb1 g6 7. Bc4 Bg7 8. Bd5 Ra7 9. Rxb8 Qc7 10. Rb1 e6 11. Bc4 Bb7 12. 0-0 Nf6 13. Re1 Ng4 14. h3 h5 15. Rxb7 Rxb7 16. Bxa6 Rb6 17. Bb5+ Kf8 18. a4 Nh6 19. Ne2 Bf6 20. c4 g5 21. d4 g4 22. Ng5 gxh3 23. Nxh3 Ng4 24. e5 dxe5 25. dxc5 Qxc5 26. Qb3 Be7 27. a5 Rb8 28. Nc3 Qb4 29. Qxb4 Bxb4 30. Bb2 Bxa5 31. Ra1 Bb6 32. Ba3+ Kg7 33. c5 Ba5 34. Bd7 Bxc3 35. Rf1 Rb3 36. Bc1 Bd4 37. c6 Nf6 38. Kh1 Nxd7 39. cxd7 Rd8 40. f4 Rb1 41. Re1 e4 42. f5 e3 43. fxe6 fxe6 44. Nf4 Rxd7 45. Nxe6+ Kf6 46. Nf4 Kf5 47. Ne2 Kg4 48. Rd1 Rxc1 49. Rxc1 Ba7 50. Kg1 h4 51. Kf1 Rf7+ 52. Kg1 Rf2 53. Rc4+ Kg5 54. Rc2 Bb8 55. Rc5+ Rf5 56. Rc8 Rb5 57. Rc1 Bg3 58. Rd1 Rb2 59. Kf1 Kf5 60. Nd4+ Ke4 61. Ne2 Rd2 62. Rc1 Be5 63. Rb1 Bb2 64. Ke1 Kd3 65. Nf4+ Kc2 66. Rxb2+ Kxb2 67. Ng6 Rxg2 68. Nxh4 Rf2 69. Ng6 Kc3 70. Ne5 Kd4 71. Ng4 Rg2 72. Nh6 Kd3 73. Kf1 Rg6 0-1

[Event "Augsburg Afro op"]
[Site "Augsburg"]
[Date "1997.??.??"]
[Round "2"]
[White "Miller, Peter"]
[Black "Buehler, Robert"]
[Result "0-1"]
[WhiteElo "1715"]
[BlackElo "2450"]
[PlyCount "116"]
[EventDate "1997.??.??"]
[EventType "swiss"]
[EventRounds "7"]
[EventCountry "GER"]
[SourceTitle "EXT 2006"]
[Source "ChessBase"]
[SourceDate "2005.11.24"]
[SourceVersion "1"]
[SourceVersionDate "2005.11.24"]
[SourceQuality "1"]

1. e4 c6 2. d4 d6 3. Nc3 Nf6 4. Nf3 Qa5 5. Bd3 e5 6. dxe5 dxe5 7. 0-0 Nbd7 8. a3 Be7 9. Bd2 Qc7 10. b4 0-0 11. Re1 Rd8 12. Qe2 Nf8 13. h3 Ne6 14. Rad1 b5 15. a4 a6 16. Rb1 Nd4 17. Qd1 g6 18. axb5 axb5 19. Nxd4 Rxd4 20. Ne2 Rd8 21. Ng3 Ne8 22. Qf3 Ng7 23. Be3 Ne6 24. Ra1 Rxa1 25. Rxa1 Nd4 26. Bxd4 exd4 27. Rb1 Qe5 28. Qe2 h5 29. Rf1 h4 30. f4 Qh8 31. Nh1 Bxb4 32. e5 Bf5 33. Nf2 Kg7 34. Qf3 Rc8 35. Bxf5 gxf5 36. Ng4 Qh5 37. Nf6 Qxf3 38. Rxf3 Be7 39. Nd7 Rc7 40. Nb8 Rc8 41. Na6 c5 42. g4 Kg6 43. Rd3 b4 44. Kg2 Ra8 45. Nc7 Ra2 46. Kf3 Rxc2 47. e6 fxe6 48. Nxe6 Rh2 49. gxf5+ Kxf5 50. Nxd4+ cxd4 51. Rxd4 Rxh3+ 52. Kg2 Rg3+ 53. Kh2 b3 54. Rd7 Bf6 55. Rb7 Kxf4 56. Rb4+ Kf5 57. Rb5+ Be5 58. Kh1 b2 0-1